Skulduggery Pleasant Book 1 Characters - Statistics

General Stats
  • This quiz has been taken 156 times
  • The average score is 13 of 20
Answer Stats
Hint Answer % Correct
The Skeleton Detective Skulduggery Pleasant
99%
His apprentice Stephanie Edgley/Valkyrie Cain
98%
An untrustworthy woman who owns a library China Sorrows
97%
Skulduggery's tailor and closest friend Ghastly Bespoke
93%
The main villain Nefarian Serpine
90%
The girl who murdered the troll Tanith Low
81%
The Cleaver which Serpine experimented on White Cleaver
70%
The strongest man in the world Mr. Bliss
68%
Stephanie's dislikable aunt Beryl
66%
Stephanie's other cousin Crystal
64%
Stephanie's uncle Fergus
64%
Stephanie's cousin Carol
63%
Stephanie's father Desmond
59%
Stephanie's mother Melissa
50%
The Grand Mage of Ireland Eachan Meritorious
49%
The female Elder Morwenna Crow
49%
His lackeys Hollow men
48%
The traitor Elder Sagacious Tome
38%
Stephanie's dead uncle Gorden
37%
The man in the echo stone hidden in the vault Oisin
18%
No matching quizzes found
Score Distribution
Percent of People with Each Score
Percentile by Number Answered
Your Score History
You have not taken this quiz